00466 2200157 4500001002100000008004100021035002000062245007400082100002700156260004100183300002400224020002200248084001600270082001000286990001200296INLIS000000000002901 IND  a0010-0925000248 aPanduan Berinternet Sehat & Aman Untuk RemajacRetno Listyanti, S.Pd. aRetno Listyanti, S.Pd. aJakartabEsensi Erlangga Groupc2016 a152c(15,5 x 23 cm) a978-602-6847-83-6 a371.3 EKO p a371.3 a0755298